000 01388 a2200193 4500
001 39189
005 20260407155650.0
008 260407a1959 arg spa d
003 AR-UNSa-BCEJYS
040 _aAR-UNSa-BCEJYS
_bspa
_cAR-UNSa-BCEJYS
080 _a658.8
_xOrganización de mercados. Marketing. Ventas. Distribución
245 1 0 _aLos supermercados
264 1 _aMadrid :
_bEdiciones Rialp
_c1959
300 _a410 p.
_c25 cm.
505 _a1. Panorama nacional del ramo de la alimentación norteamericano hasta 1930 - 2. El origen del supermercado - 3. Una industria recién llegada que revoluciona - 4. El supermercado comienza su expansión - 5. La historia del super Market Institute - 6. Los supermercados, llegados a la mayoría de edad, se enfrentan con los problemas de la segunda guerra mundial - 7. El período de la posguerra - 8. El supermercado - 9. Distribución interior del supermercado - 10. Los departamentos de productos alimenticios: ultramarinos, carnes, frutas y verduras frescas - 11. Los artículos no alimenticios.su rápido desarrollo y su importancia - 12. Publicidad y fomento de ventas - 13. Relaciones con los empleados - 14. Influencia del supermercado sobre el autoservicio en todo el mundo - 15. La contribución del supermercado la economía nacional.
942 _cBK
590 _aniveau_biblio:m niveau_hierar:0
100 1 _aZimmerman, M.M.
999 _c2972
_d2972